Members of Dumbledore's Army - Statistics

General Stats
  • This quiz has been taken 1,915 times
    859 since last reset
  • The average score is 20 of 29
Answer Stats
Answer % Correct
Harry Potter
100%
Ron Weasley
98%
Hermione Granger
97%
Fred Weasley
94%
George Weasley
94%
Cho Chang
92%
Ginny Weasley
91%
Neville Longbottom
90%
Luna Lovegood
87%
Dean Thomas
81%
Seamus Finnigan
78%
Parvati Patil
72%
Padma Patil
70%
Colin Creevey
67%
Lavender Brown
66%
Angelina Johnson
61%
Katie Bell
61%
Hannah Abbott
60%
Dennis Creevey
59%
Zacharias Smith
56%
Ernie MacMillan
55%
Lee Jordan
55%
Alicia Spinnet
54%
Marietta Edgecombe
52%
Susan Bones
52%
Michael Corner
50%
Terry Boot
48%
Justin Finch-Fletchley
44%
Anthony Goldstein
37%
No matching quizzes found
Score Distribution
Percent of People with Each Score
Percentile by Number Answered
Your Score History
You have not taken this quiz since the last reset